[Event "Marseille Christmas rapid"]
[Site "Marseille"]
[Date "2019.12.29"]
[Round "1"]
[White "Leoncini, Xavier"]
[Black "Gozzoli, Yannick"]
[Result "0-1"]
[WhiteElo "1415"]
[BlackElo "2599"]
[PlyCount "56"]
[EventDate "2019.12.28"]
[EventType "swiss (rapid)"]
[EventRounds "9"]
[EventCountry "FRA"]
[SourceTitle "CBM 194 Extra"]
[Source "ChessBase"]
[SourceDate "2020.03.31"]
[SourceVersion "1"]
[SourceVersionDate "2020.03.31"]
[SourceQuality "1"]

1. e4 Nf6 2. Nc3 e5 3. Bc4 Nxe4 4. Nxe4 d5 5. Bb3 dxe4 6. Ne2 Nc6 7. Ng3 f5 8. 0-0 Bc5 9. a3 g6 10. Ba2 a5 11. c3 Qf6 12. b4 Bd6 13. f3 exf3 14. Rxf3 Be6 15. Ne4 Qe7 16. Bxe6 Qxe6 17. Ng5 Qe7 18. d3 h6 19. Nh3 0-0-0 20. Bb2 e4 21. Re3 Ne5 22. Rb1 Ng4 23. c4 Nxe3 24. Qe2 exd3 25. Qxd3 Bxh2+ 26. Kxh2 Rxd3 27. Bxh8 Qe4 28. Nf2 Qxg2# 0-1